000 00811nam a22001695i 4500
001 168084
003 ES-MaACL
005 20230906213658.0
008 040727s1870 fr |||| | fre d
040 _aCAM
_bspa
_cCAM
100 1 _aYriarte, Charles (
_d1833-1898)
_9133995
245 1 4 _aLes portraits cosmopolites /
_cLe Marquis de Villemer (Charles Yriarte).
260 _aParis :
_bE. Lachaud,
_c1870 (
_fImprimerie Paul Dupont, Maurice Loignon et C.)
300 _aVII, 240 p. ;
_c19 cm.
505 8 _aContiene : Don Juan Prim, Théophile Gautier, Garibaldi, Pie IX, Le Père Hyacinthe, Maréchal Narvaez, Dona d'Istria, Charles Beaudelaire, Héctor Berlioz, Maréchal O'Donnell
852 _aES-MaACL
_jD-920
_z-- Rúst.
_z-- Legado de Modesto de la Fuente
_z-- A partir de la p. 219, propaganda editorial
999 _c168084
_d168084